Munting aklat ng mga sawikain (idioms) (Record no. 9913)

MARC details
000 -LEADER
fixed length control field 00589nam a22001817a 4500
003 - CONTROL NUMBER IDENTIFIER
control field OSt
005 - DATE AND TIME OF LATEST TRANSACTION
control field 20260427051452.0
008 - FIXED-LENGTH DATA ELEMENTS--GENERAL INFORMATION
fixed length control field 260427b |||||||| |||| 00| 0 eng d
020 ## - INTERNATIONAL STANDARD BOOK NUMBER
International Standard Book Number 971-8837-24-8
040 ## - CATALOGING SOURCE
Original cataloging agency DWC-Main Lib.
Transcribing agency OC
082 ## - DEWEY DECIMAL CLASSIFICATION NUMBER
Classification number Res. 598.9 1997
100 ## - MAIN ENTRY--PERSONAL NAME
Personal name Abangan, Veronica C.
245 ## - TITLE STATEMENT
Title Munting aklat ng mga sawikain (idioms)
Remainder of title at mga pariralang Ingles s wikang Filipino/
Statement of responsibility, etc. Veronica C. Abangan
260 ## - PUBLICATION, DISTRIBUTION, ETC.
Place of publication, distribution, etc. Cebu City, Philippines :
Name of publisher, distributor, etc. Oriental Press,
Date of publication, distribution, etc. c1997.
300 ## - PHYSICAL DESCRIPTION
Extent iii, 120 p. :
Dimensions 18 cm.
650 ## - SUBJECT ADDED ENTRY--TOPICAL TERM
Topical term or geographic name entry element 1. Idioms.
942 ## - ADDED ENTRY ELEMENTS (KOHA)
Source of classification or shelving scheme Dewey Decimal Classification
Koha item type Book- Reserved
Classification part Res.
Suppress in OPAC No
952 ## - LOCATION AND ITEM INFORMATION (KOHA)
--
952 ## - LOCATION AND ITEM INFORMATION (KOHA)
--
Holdings
Withdrawn status Lost status Source of classification or shelving scheme Damaged status Not for loan Home library Current library Shelving location Date acquired Cost, normal purchase price Total Checkouts Full call number Barcode Date last seen Copy number Price effective from Koha item type Uniform Resource Identifier
    Dewey Decimal Classification     College Library College Library Reserved 07/23/2003 0.00   Res. 598.9 1997 CL37899 04/27/2026 c1 04/27/2026 BK - FIL
    Dewey Decimal Classification     College Library College Library Reserved 07/23/2003 0.00   Res. 598.9 1997 CL37910 04/27/2026 c2 04/27/2026 BK - FIL